Loading...
| Current Events | 1 | 10.00 | 0% | 0% | 100% |
| Fine Arts - Auditory Fine Arts | 5 | 16.00 | 100% | 60% | 0% |
| Fine Arts - Other Fine Arts | 5 | 16.00 | 100% | 60% | 0% |
| Fine Arts - Visual Fine Arts | 5 | 20.00 | 100% | 80% | 20% |
| Geography | 2 | 25.00 | 100% | 100% | 50% |
| History - American History | 6 | 11.67 | 100% | 0% | 17% |
| History - European History | 8 | 16.25 | 100% | 63% | 0% |
| History - Other History | 5 | 14.00 | 100% | 20% | 20% |
| History - World History | 5 | 18.00 | 100% | 40% | 40% |
| Literature - American Literature | 1 | 20.00 | 100% | 100% | 0% |
| Literature - British Literature | 5 | 10.00 | 60% | 40% | 0% |
| Literature - European Literature | 8 | 18.75 | 88% | 88% | 13% |
| Literature - World Literature | 6 | 15.00 | 100% | 50% | 0% |
| Mythology | 6 | 10.00 | 67% | 33% | 0% |
| Other Academic | 2 | 15.00 | 100% | 50% | 0% |
| Philosophy | 6 | 20.00 | 100% | 67% | 33% |
| Pop Culture | 2 | 5.00 | 50% | 0% | 0% |
| Religion | 5 | 22.00 | 100% | 80% | 40% |
| Science - Biology | 2 | 15.00 | 100% | 50% | 0% |
| Science - Chemistry | 5 | 24.00 | 100% | 60% | 80% |
| Science - Other Science | 7 | 24.29 | 100% | 86% | 57% |
| Science - Physics | 7 | 25.71 | 100% | 71% | 86% |
| Social Science | 4 | 17.50 | 100% | 50% | 25% |